00426nam a2200133Ia 4500008004100000020002800041082001800069100001800087245005200105260006100157300003800218650001400256852002200270190805s9999||||xx |||||||||||||| ||und|| a9781906915476c£ 35.0004a387.16bJ71011 aJones, Steven10aMaritime Security handbook: stowaways by sea /  aLondon : bThe Nautical Institute,c2014, reprinted 2016 aiv, 74 p.b : col. Ill.c; 21 cm. 0aStowaways aIMU Kochi Library